[Event "Piestany Slovakia op-A"]
[Site "Piestany"]
[Date "2025.07.10"]
[Round "3"]
[White "Lang, Simon"]
[Black "Meszaros, Casey Ryan"]
[Result "1/2-1/2"]
[WhiteElo "2241"]
[BlackElo "2133"]
[PlyCount "145"]
[EventDate "2025.07.08"]
[EventType "swiss"]
[EventRounds "9"]
[EventCountry "SVK"]
[SourceTitle "CB29_2025"]
[SourceDate "2025.07.16"]
[SourceVersion "1"]
[SourceVersionDate "2025.07.16"]
[SourceQuality "1"]

1. e4 c5 2. Nf3 Nc6 3. d4 cxd4 4. Nxd4 Qb6 5. Nb3 Nf6 6. Nc3 e6 7. Bd3 Bb4 8. Bd2 0-0 9. 0-0 d5 10. exd5 exd5 11. a3 Be7 12. Bf4 Bg4 13. Qd2 Rac8 14. h3 Be6 15. Rfe1 Qd8 16. Nb5 Qd7 17. N5d4 Rfe8 18. Rad1 a6 19. Nxc6 Qxc6 20. Nd4 Qd7 21. c3 Nh5 22. Bh2 Bd6 23. Bxd6 Qxd6 24. Qg5 Nf6 25. Re3 h6 26. Qh4 Qd8 27. Rde1 Bd7 28. Rxe8+ Nxe8 29. Qe7 Nf6 30. Qxd8+ Rxd8 31. f3 Nh5 32. Kf2 Nf4 33. Bf1 Ne6 34. Rd1 Kf8 35. Ke3 g6 36. Bd3 Kg7 37. Nxe6+ fxe6 38. Kd4 Kf6 39. Kc5 Bc6 40. Bxa6 Rc8 41. Bb5 d4 42. Bxc6 Rxc6+ 43. Kb4 Rb6+ 44. Kc4 Rxb2 45. Kxd4 Rxg2 46. Rb1 Rd2+ 47. Ke4 Rd7 48. Rb4 Rc7 49. c4 g5 50. a4 b6 51. Kd4 Rc6 52. Rb5 Rd6+ 53. Kc3 e5 54. c5 bxc5 55. Rxc5 Kf5 56. Rc4 Rd1 57. a5 Ra1 58. Kb4 h5 59. Kb5 Ke6 60. Rb4 Kd7 61. Kb6 Kc8 62. Rb3 Ra4 63. Rc3+ Kb8 64. Re3 Rb4+ 65. Kc5 Ra4 66. a6 g4 67. fxg4 hxg4 68. h4 g3 69. Rxg3 Rxh4 70. Rg6 Ka7 71. Kb5 Rh7 72. Re6 e4 73. Rxe4 1/2-1/2

[Event "SVK-ch blitz"]
[Site "Poprad"]
[Date "2025.05.02"]
[Round "8"]
[White "Meszaros, Casey Ryan"]
[Black "Tropp, Frantisek"]
[Result "1-0"]
[WhiteElo "1909"]
[BlackElo "2001"]
[PlyCount "99"]
[EventDate "2025.05.02"]
[EventType "swiss (blitz)"]
[EventRounds "13"]
[EventCountry "SVK"]
[SourceTitle "CB19_2025"]
[SourceDate "2025.05.07"]
[SourceVersion "1"]
[SourceVersionDate "2025.05.07"]
[SourceQuality "1"]

1. Nf3 d6 2. e4 g6 3. d4 Bg7 4. Nc3 c5 5. Be3 Bg4 6. dxc5 Bxf3 7. Qxf3 Bxc3+ 8. bxc3 Nc6 9. cxd6 Qxd6 10. Rd1 Qe6 11. Bb5 Nf6 12. Bd4 0-0 13. 0-0 Qxe4 14. Qxe4 Nxe4 15. Bxc6 bxc6 16. Rfe1 Nd6 17. Rxe7 a6 18. Bc5 Nb5 19. Rd3 Rfe8 20. Ree3 Rxe3 21. Bxe3 Kf8 22. h3 Ke8 23. c4 Nc7 24. Rd6 Ne6 25. Rxc6 Kd7 26. Rb6 Rc8 27. Rb7+ Ke8 28. Rb4 Rc6 29. Kf1 f5 30. g3 h5 31. Ke2 Kd7 32. Kd3 Kd6 33. Rb8 Ke7 34. Rb7+ Kd6 35. Rh7 Ke5 36. f4+ Kd6 37. Rh6 Nf8 38. Rh8 Nd7 39. Rg8 Kc7 40. a3 Rd6+ 41. Kc3 Rd1 42. Rxg6 Rh1 43. h4 Ra1 44. Kb3 Re1 45. Bd4 Re4 46. c3 Re1 47. Rg5 Rb1+ 48. Kc2 Ra1 49. Kb2 Rg1 50. Bxg1 1-0

[Event "SVK-ch blitz"]
[Site "Poprad"]
[Date "2025.05.02"]
[Round "6"]
[White "Oruzinsky, Juraj"]
[Black "Meszaros, Casey Ryan"]
[Result "1-0"]
[WhiteElo "2067"]
[BlackElo "1909"]
[PlyCount "159"]
[EventDate "2025.05.02"]
[EventType "swiss (blitz)"]
[EventRounds "13"]
[EventCountry "SVK"]
[SourceTitle "CB19_2025"]
[SourceDate "2025.05.07"]
[SourceVersion "1"]
[SourceVersionDate "2025.05.07"]
[SourceQuality "1"]

1. e4 e5 2. Nf3 Nc6 3. Bc4 Bc5 4. c3 Nf6 5. d3 h6 6. 0-0 0-0 7. Re1 a6 8. a4 d6 9. h3 Qe7 10. Nbd2 Be6 11. b4 Ba7 12. Qb3 Rad8 13. Bxe6 Qxe6 14. Qxe6 fxe6 15. Nc4 Ne7 16. b5 Ng6 17. Rb1 Rb8 18. b6 Bxb6 19. Nxb6 cxb6 20. Rxb6 Rfd8 21. Ba3 Ne8 22. g3 Rbc8 23. c4 Rd7 24. Reb1 Rcc7 25. Kg2 Kf7 26. h4 Ne7 27. g4 g6 28. g5 h5 29. Ne1 Nc6 30. Nc2 Nd4 31. Nxd4 exd4 32. f4 d5 33. cxd5 exd5 34. f5 dxe4 35. fxg6+ Kg7 36. dxe4 Rc2+ 37. Kf1 Rc3 38. Rxb7 Rxb7 39. Rxb7+ Kxg6 40. Rb6+ Kf7 41. Bb2 Rd3 42. Ke2 Rh3 43. Bxd4 Rxh4 44. Rb7+ Kg6 45. Kd3 Kxg5 46. Rb8 Nd6 47. Rg8+ Kh6 48. Be3+ Kh7 49. Rd8 Nxe4 50. Rd7+ Kg8 51. Ra7 Nf6 52. Rxa6 Nd7 53. Ra7 Ne5+ 54. Ke2 Nc4 55. Ra8+ Kf7 56. Ra7+ Ke6 57. Bf2 Rg4 58. a5 Rg5 59. a6 Ra5 60. Rh7 Kf6 61. a7 Nd6 62. Rh6+ Ke7 63. Bc5 Ra2+ 64. Kd3 Ke8 65. Rxd6 Ra1 66. Rh6 h4 67. Rxh4 Kd8 68. Rh8+ Kc7 69. a8Q Rxa8 70. Rxa8 Kc6 71. Be3 Kb7 72. Ra4 Kc6 73. Kc4 Kb7 74. Ra5 Kc6 75. Rg5 Kd7 76. Kd5 Ke7 77. Bd4 Kf7 78. Rg7+ Ke8 79. Kd6 Kf8 80. Ke6 1-0

[Event "SVK-chT 2425"]
[Site "Slovakia"]
[Date "2024.11.24"]
[Round "2.5"]
[White "Pasti, Aron"]
[Black "Meszaros, Casey Ryan"]
[Result "1-0"]
[WhiteElo "2355"]
[BlackElo "1952"]
[PlyCount "59"]
[EventDate "2024.11.23"]
[EventType "team-tourn"]
[EventRounds "11"]
[EventCountry "SVK"]
[SourceTitle "CB48_2024"]
[SourceDate "2024.11.28"]
[SourceVersion "1"]
[SourceVersionDate "2024.11.28"]
[SourceQuality "1"]
[WhiteTeam "Dunajska Streda"]
[BlackTeam "Bratislava KSN"]
[WhiteTeamCountry "SVK"]
[BlackTeamCountry "SVK"]

1. Nf3 Nf6 2. g3 g6 3. Bg2 Bg7 4. 0-0 0-0 5. c4 c5 6. Nc3 d5 7. cxd5 Nxd5 8. Qb3 Nb4 9. d3 Be6 10. Qd1 h6 11. Be3 N8a6 12. Ne4 Rc8 13. Qd2 c4 14. a3 Nc6 15. Bxh6 cxd3 16. Bxg7 Kxg7 17. Rfd1 Na5 18. b4 Rc2 19. Qxd3 Qxd3 20. Rxd3 Nb3 21. Re1 Nc1 22. Re3 Rd8 23. Neg5 Nc7 24. Nxe6+ Nxe6 25. Bh3 Kf6 26. Bxe6 fxe6 27. h4 Rd5 28. Ng5 e5 29. Kf1 a5 30. Rc3 1-0

[Event "SVK-ch U2300"]
[Site "Liptovsky Jan"]
[Date "2024.06.16"]
[Round "4"]
[White "Greslik, Michal"]
[Black "Meszaros, Casey Ryan"]
[Result "0-1"]
[WhiteElo "1783"]
[BlackElo "2009"]
[PlyCount "96"]
[EventDate "2024.06.15"]
[EventType "swiss"]
[EventRounds "8"]
[EventCountry "SVK"]
[SourceTitle "CBM 220 Extra"]
[Source "ChessBase"]
[SourceDate "2024.07.31"]
[SourceVersion "1"]
[SourceVersionDate "2024.07.31"]
[SourceQuality "1"]

1. e4 e5 2. Nf3 Nc6 3. Bb5 a6 4. Ba4 d6 5. c3 Bd7 6. Bc2 g6 7. d4 Bg7 8. Be3 Nge7 9. d5 Nb8 10. c4 0-0 11. Qd2 f5 12. Bh6 fxe4 13. Bxe4 Bg4 14. Bxg7 Kxg7 15. Nc3 Nd7 16. h3 Bxf3 17. Bxf3 Nf6 18. 0-0-0 Nf5 19. Ne2 Qe8 20. Rde1 Qa4 21. b3 Qa3+ 22. Qb2 Qxb2+ 23. Kxb2 Nh4 24. Ng1 Rae8 25. g3 Nxf3 26. Nxf3 Nxd5 27. cxd5 Rxf3 28. Re2 Re7 29. Rd1 Ref7 30. Rdd2 Kf8 31. Rc2 Ke8 32. Kc1 Rd3 33. Rcd2 Rxd2 34. Kxd2 Rf3 35. Ke1 Rd3 36. Rd2 Rxd2 37. Kxd2 c6 38. dxc6 bxc6 39. b4 Kd7 40. a4 Ke6 41. Kd3 Kd5 42. f3 g5 43. Kc3 e4 44. f4 gxf4 45. gxf4 Ke6 46. Kd4 Kf5 47. Ke3 d5 48. a5 h6 0-1

[Event "SVK-ch U2300"]
[Site "Liptovsky Jan"]
[Date "2024.06.15"]
[Round "1"]
[White "Meszaros, Casey Ryan"]
[Black "Kostic, Ivan1"]
[Result "1-0"]
[WhiteElo "2009"]
[BlackElo "1701"]
[PlyCount "73"]
[EventDate "2024.06.15"]
[EventType "swiss"]
[EventRounds "8"]
[EventCountry "SVK"]
[SourceTitle "CBM 220 Extra"]
[Source "ChessBase"]
[SourceDate "2024.07.31"]
[SourceVersion "1"]
[SourceVersionDate "2024.07.31"]
[SourceQuality "1"]

1. d4 d5 2. Nf3 Nc6 3. g3 h6 4. Bg2 Nf6 5. 0-0 e6 6. c4 dxc4 7. Nc3 g6 8. Qa4 Bd7 9. Qxc4 Bg7 10. e4 a6 11. Re1 0-0 12. h3 Rc8 13. Be3 Ne7 14. Rad1 b5 15. Qb3 c6 16. Qc2 Kh7 17. Ne5 Be8 18. Nd3 Nd7 19. b3 Qc7 20. e5 Nf5 21. Ne4 Nxe3 22. Rxe3 Qd8 23. Nd6 Rc7 24. Nb4 Nb8 25. Rc3 Bd7 26. Rc1 Ra7 27. Nxc6 Bxc6 28. Bxc6 Qb6 29. Qe4 f5 30. Qe3 Rc7 31. Bg2 Rxc3 32. Rxc3 Rd8 33. Rc5 Bf8 34. d5 exd5 35. Rxd5 Qxe3 36. fxe3 Kg7 37. Nxf5+ 1-0

[Event "SVK-chT2A 2324"]
[Site "Slovakia"]
[Date "2024.03.16"]
[Round "10.6"]
[White "Bucor, Mark"]
[Black "Meszaros, Casey Ryan"]
[Result "1/2-1/2"]
[WhiteElo "1725"]
[BlackElo "1941"]
[PlyCount "64"]
[EventDate "2023.10.07"]
[EventType "team-tourn"]
[EventRounds "11"]
[EventCountry "SVK"]
[SourceTitle "EXT 2025"]
[Source "ChessBase"]
[SourceDate "2024.10.14"]
[SourceVersion "1"]
[SourceVersionDate "2024.10.14"]
[SourceQuality "1"]
[WhiteTeam "Trnava Lokomotiva"]
[BlackTeam "Modra II"]
[WhiteTeamCountry "SVK"]
[BlackTeamCountry "SVK"]

1. e4 d5 2. exd5 Nf6 3. Bb5+ Nbd7 4. d4 a6 5. Be2 Nxd5 6. c4 N5f6 7. Nf3 e6 8. Nc3 c5 9. 0-0 cxd4 10. Nxd4 Bc5 11. a3 0-0 12. b4 Ba7 13. Be3 Ne5 14. h3 Ng6 15. Qd2 e5 16. Nc2 Qxd2 17. Bxd2 Be6 18. Be3 Bxe3 19. Nxe3 Rac8 20. Rfd1 Nf4 21. Bf3 Rc7 22. Ncd5 Bxd5 23. Nxd5 N4xd5 24. Bxd5 Nxd5 25. Rxd5 Rxc4 26. Rxe5 Rfc8 27. Rae1 g6 28. Re7 R4c7 29. a4 Kf8 30. Rxc7 Rxc7 31. Re4 Rc1+ 32. Kh2 Rc2 1/2-1/2

[Event "SVK-chT1W 2324"]
[Site "Slovakia"]
[Date "2024.01.13"]
[Round "7.7"]
[White "Chlpek, Daniel"]
[Black "Meszaros, Casey Ryan"]
[Result "1/2-1/2"]
[WhiteElo "2037"]
[BlackElo "1980"]
[PlyCount "92"]
[EventDate "2023.10.21"]
[EventType "team-tourn"]
[EventRounds "11"]
[EventCountry "SVK"]
[SourceTitle "EXT 2025"]
[Source "ChessBase"]
[SourceDate "2024.10.14"]
[SourceVersion "1"]
[SourceVersionDate "2024.10.14"]
[SourceQuality "1"]
[WhiteTeam "Bratislava Slovan II"]
[BlackTeam "Bratislava KSN"]
[WhiteTeamCountry "SVK"]
[BlackTeamCountry "SVK"]

1. d4 f5 2. Qd3 d5 3. c4 e6 4. Nf3 Nf6 5. Bf4 Na6 6. e3 c5 7. Be2 cxd4 8. exd4 Bd7 9. c5 Nc7 10. Nc3 Ne4 11. 0-0 Be7 12. Ne5 0-0 13. f3 Ng5 14. Qe3 Be8 15. b4 Nf7 16. Nxf7 Bxf7 17. Bd3 h6 18. Rfe1 Bg5 19. Bxg5 hxg5 20. a4 Qf6 21. Nd1 Rae8 22. Nf2 Bg6 23. Qe5 Qxe5 24. Rxe5 Kf7 25. b5 Ra8 26. Rae1 Rfe8 27. g4 Kf6 28. gxf5 exf5 29. b6 axb6 30. cxb6 Ne6 31. Rxd5 Nf4 32. Rd6+ Kf7 33. Bc4+ Kf8 34. Rd1 Bh5 35. Bb5 Red8 36. Rxd8+ Rxd8 37. Rd2 Bxf3 38. a5 Rc8 39. Nd3 Ne2+ 40. Kf2 Nxd4 41. Bd7 Rc3 42. Ne5 Nb3 43. Rd6 Be4 44. Ng6+ Kf7 45. Ne5+ Kf8 46. Ng6+ Kf7 1/2-1/2

[Event "SVK-chT1W 2324"]
[Site "Slovakia"]
[Date "2023.12.17"]
[Round "6.7"]
[White "Meszaros, Casey Ryan"]
[Black "Kopcok, Michal"]
[Result "1-0"]
[WhiteElo "1976"]
[BlackElo "1874"]
[PlyCount "61"]
[EventDate "2023.10.21"]
[EventType "team-tourn"]
[EventRounds "11"]
[EventCountry "SVK"]
[SourceTitle "EXT 2025"]
[Source "ChessBase"]
[SourceDate "2024.10.14"]
[SourceVersion "1"]
[SourceVersionDate "2024.10.14"]
[SourceQuality "1"]
[WhiteTeam "Bratislava KSN"]
[BlackTeam "Bratislava Slovan III"]
[WhiteTeamCountry "SVK"]
[BlackTeamCountry "SVK"]

1. Nf3 Nf6 2. g3 g6 3. Bg2 Bg7 4. 0-0 0-0 5. d4 d6 6. c4 Nbd7 7. Nc3 e5 8. e4 a5 9. h3 c6 10. Be3 h6 11. Qd2 Kh7 12. Rad1 Qe7 13. Nh2 Ng8 14. f4 f6 15. f5 g5 16. d5 c5 17. g4 b6 18. Nb5 Nb8 19. Nf3 Bd7 20. a4 Na6 21. Nc3 Rfd8 22. Kf2 Qf8 23. Rh1 Ne7 24. Rh2 Kg8 25. h4 Kf7 26. hxg5 hxg5 27. Bxg5 fxg5 28. Qxg5 Qg8 29. Rdh1 Nc7 30. Rh7 Ne8 31. R1h6 1-0

[Event "SVK-chT2A 2324"]
[Site "Slovakia"]
[Date "2023.11.11"]
[Round "3.5"]
[White "Hecko, Dusan"]
[Black "Meszaros, Casey Ryan"]
[Result "1-0"]
[WhiteElo "1960"]
[BlackElo "1936"]
[PlyCount "191"]
[EventDate "2023.10.07"]
[EventType "team-tourn"]
[EventRounds "11"]
[EventCountry "SVK"]
[SourceTitle "EXT 2025"]
[Source "ChessBase"]
[SourceDate "2024.10.14"]
[SourceVersion "1"]
[SourceVersionDate "2024.10.14"]
[SourceQuality "1"]
[WhiteTeam "Osuske II"]
[BlackTeam "Modra II"]
[WhiteTeamCountry "SVK"]
[BlackTeamCountry "SVK"]

1. d4 Nf6 2. Nf3 d5 3. Bf4 e6 4. e3 c5 5. c3 cxd4 6. exd4 Nc6 7. Bd3 Bd6 8. Bxd6 Qxd6 9. 0-0 0-0 10. Nbd2 b6 11. Re1 Nd7 12. Qe2 f6 13. Rad1 Re8 14. Nh4 Bb7 15. Qh5 f5 16. Nxf5 Qf8 17. Ne3 Nf6 18. Qh4 Rad8 19. Ng4 h6 20. Nf3 Nxg4 21. Qxg4 Qf6 22. Ne5 Nxe5 23. Rxe5 Bc8 24. Rde1 Rf8 25. Qg3 a6 26. R1e3 Qf4 27. Qxf4 Rxf4 28. g3 Rf6 29. f4 b5 30. a3 Bd7 31. f5 Kf7 32. fxe6+ Bxe6 33. Be2 Rd6 34. Rf3 Rxf3 35. Bxf3 a5 36. Kf2 b4 37. axb4 axb4 38. Ke3 b3 39. Kd2 g6 40. Re1 Ra6 41. Be2 Ra2 42. Rb1 Bf5 43. Bd3 Kf6 44. Bxf5 Kxf5 45. Kd3 Kg4 46. c4 dxc4+ 47. Kxc4 Ra4+ 48. Kxb3 Rxd4 49. Rc1 Kf5 50. Kc3 Rd8 51. Rc2 Rc8+ 52. Kd2 Rd8+ 53. Kc1 Rd6 54. b3 Rb6 55. Kb2 Ke5 56. Rd2 h5 57. Kc3 Rb8 58. b4 Rc8+ 59. Kb3 Rb8 60. Kc4 Rc8+ 61. Kd3 Rd8+ 62. Ke3 Rb8 63. Rb2 Rb5 64. Kd3 Kd5 65. Kc3 h4 66. g4 h3 67. Kd3 g5 68. Ke3 Kc4 69. Rc2+ Kb3 70. Rc5 Rxb4 71. Rxg5 Kc4 72. Rh5 Rb2 73. Kf3 Rxh2 74. Kg3 Rg2+ 75. Kxh3 Rg1 76. Re5 Kd4 77. Re2 Kd5 78. Kh4 Rh1+ 79. Kg5 Rg1 80. Kf5 Rf1+ 81. Kg6 Rf4 82. g5 Rg4 83. Kf6 Rg1 84. g6 Rf1+ 85. Kg7 Rg1 86. Kf7 Rf1+ 87. Kg8 Rf6 88. g7 Rf1 89. Re7 Kd6 90. Re4 Kd5 91. Rg4 Ke6 92. Kh7 Kf6 93. Rg6+ Kf5 94. g8Q Rh1+ 95. Rh6 Rxh6+ 96. Kxh6 1-0